| 000 | 00880nam a2200277 i 4500 | ||
|---|---|---|---|
| 001 | 17194 | ||
| 003 | ES-MaACL | ||
| 005 | 20250316174443.0 | ||
| 007 | t| | ||
| 008 | 010122s2000 sp ||||0| spa | ||
| 020 | _a84-7426-302-6 | ||
| 080 | _a339.9(100)"1985/..." | ||
| 080 | _a32(73)"1993/2001" | ||
| 100 | 1 |
_aChomsky, Noam, _d1928- _938607 |
|
| 245 | 1 | 0 |
_aCómo se reparte la tarta _b: políticas USA al final del milenio / _cNoam Chomsky. |
| 250 | _a2ª ed. | ||
| 260 |
_aBarcelona : _bIcaria, _c2000. |
||
| 300 |
_a135 p ; _c22 cm. |
||
| 490 | 1 |
_aIcaria más madera ; _v11 |
|
| 650 | 0 | 0 |
_aEconomía internacional- _y1989- _9147234 |
| 650 | 1 | 4 |
_aPolítica mundial- _y1995-2005. _916304 |
| 651 | 4 |
_aEstados Unidos- _xPolítica exterior- _y1989-1993. _9172053 |
|
| 830 | 1 |
_aIcaria más madera ; _v11 _9176572 |
|
| 852 |
_aES-MaACL _jL-24171 |
||
| 999 |
_c17194 _d17194 |
||